| 000 | 00598cam a22002171 4500 | ||
|---|---|---|---|
| 001 | sa 65002849 | ||
| 003 | DLC | ||
| 005 | 20260227112119.0 | ||
| 008 | 890918s1964 ii d 000 0 malo | ||
| 010 | _asa 65002849 | ||
| 035 | _a(OCoLC)20364329 | ||
| 040 |
_aDLC _cWaU _dDLC |
||
| 041 | 0 | _amaleng | |
| 042 | _apremarc | ||
| 050 | 0 | 0 |
_aPL4716 _b.G4 |
| 100 | 1 | _aGeorge, Manakkunnel. | |
| 245 | 1 | 0 |
_aCurrent English-Malayalam dictionary _ccompiled by M.A. George. |
| 260 |
_aTrichur, _bCurrent Books _c[1964] |
||
| 300 |
_a492 p. _c19 cm. |
||
| 650 | 0 |
_aEnglish language _xDictionaries _xMalayalam. |
|
| 999 |
_c62849 _d62849 |
||